000 00521nam a22001937a 4500
003 DO-SdBNP
005 20220915093820.0
007 ta
008 110301s1964 dr 000 0 spa d
040 _aDO-SdBNP
_bspa
_cBNPHU
082 4 _axxxx
_bC313r
100 1 _aCarrasco, Bienvenido
_953018
245 1 0 _aRemembranzas /
_cBienvenido Carrasco
260 _aSanto Domingo :
_bImpresora Arte y Cine,
_c1964.
300 _a50 p. :
_c21 cm.
590 _aInventariado, 2022/ YL
910 _aYLockward
942 _2ddc
_cLBS1
999 _c52399
_d52399